Normal view
MARC view
- Abdul Rehman, Muhammad
Entry Personal Name
001 - CONTROL NUMBER
- control field: 14505
003 - CONTROL NUMBER IDENTIFIER
- control field: NUST
005 - DATE AND TIME OF LATEST TRANSACTION
- control field: 20190523064921.0
008 - FIXED-LENGTH DATA ELEMENTS
- fixed length control field: 190523|| aca||aabn | a|a d
040 ## - CATALOGING SOURCE
- Original cataloging agency: NUST
- Transcribing agency: NUST
100 ## - HEADING--PERSONAL NAME
- Personal name: Abdul Rehman, Muhammad
670 ## - SOURCE DATA FOUND
- Source citation: Work cat.: (NUST): Abdul Rehman, Muhammad, Kalma-e-Haq /, 2011.
